00939nam a2200193 a 450000100100000000500170001000800410002704000250006810000410009324500990013426000370023330000200027050000420029059000690033295201110040195201050051295201110061799900170072800004380220201002044956.0140501s2004 dr 000 0 spa d aDO-SdBNPbspacBNPHU1 aRosa Garabito, Emiliano de la97164010aConstitución Dominicana y un ¡Grito de Alerta Dominicanos! /cEmiliano de la Rosa Garabito. aSanto Domingo, :b[s.d.],c2004. a77 p. ;c25 cm. aIncluye datos biografícos del autor aLa biblioteca posee tres ejemplares autografíados por el autor 0010718DSaGRbGRcCTd2014-05-01iLF1l0o p43802-30r2020-06-25te. 3w2020-06-25yLFDSZNo se presta 0010718PDaPDbPDcCTd2014-05-01iLF1l0o p43802-10r2020-06-25w2020-06-25yLFPDZNo se presta 0010718PDaPDbPDcCTd2014-05-01iLF1l0o p43802-20r2020-06-25te. 2w2020-06-25yLFPDZNo se presta c43291d43291